000
00325nam a22001337a 4500
008
170302b xxu||||| |||| 00| 0 eng d
020
_a
9780323025072
041
_a
eng
080
_2
6 ED
_a
616.073
100
_a
6
101
_a
SHM
245
_a
RADIOGRAPHIC POSITIONING AND RELATED ANATOMY
_c
BONTRAGER.K.L
942
_2
udc
_c
BK
999
_c
6555
_d
6555